Manifestación acerca de la Veneración que el Eterno Padre quiere que se tenga al corazón de San José, y de los desagravios que pide le sean ofrecidos por el mismo

Síntesis: El documento trata sobre la vida de la Srita. Jacoba Zepeda y sus "visiones" divinas, que según testimonio de varias personas estas visiones y predicciones fueron ciertas.

Gorde:
Xehetasun bibliografikoak
Formatua: Liburua
Saila:1925
1914
1916
1920/septiembre/20
1921/enero/13
1922/marzo/19
1924/febrero/18
1923
1920
Gaiak:
Etiketak: Etiketa erantsi
Etiketarik gabe, Izan zaitez lehena erregistro honi etiketa jartzen!

MARC

LEADER 00000nam^a2200000^a^4500
001 000250058
005 20250526000000.0
009 20260310105756.667
035 |a R00941 
037 |a Acervo Xavier Clavigero 
082 |a 8.  |b ANO V. LIBRO 4 18/70 
245 1 0 |a Manifestación acerca de la Veneración que el Eterno Padre quiere que se tenga al corazón de San José, y de los desagravios que pide le sean ofrecidos por el mismo 
264 |a lugar de publicación no identificado :  |b Destinatario: Al público 
300 |a 5 fojas, mcs/cop., 21.3 X 28 cms. 
336 |a texto  |b txt  |2 rdacontenido 
337 |a sin mediación  |b n  |2 rdamedio 
338 |a volumen  |b nc  |2 rdasoporte 
440 |a 1925 
440 |a 1914 
440 |a 1916 
440 |a 1920/septiembre/20 
440 |a 1921/enero/13 
440 |a 1922/marzo/19 
440 |a 1924/febrero/18 
440 |a 1923 
440 |a 1920 
520 |a Síntesis: El documento trata sobre la vida de la Srita. Jacoba Zepeda y sus "visiones" divinas, que según testimonio de varias personas estas visiones y predicciones fueron ciertas. 
598 |a Documento 
598 |a En la biblioteca del ILFC, Guadalajara, Jal. 
598 |a Lugares que cita el documento: Sahuayo, Michoacán. Jiquilpan, Michoacán. 
649 |a XX 
650 |a Guerra Cristera 
650 |a Curación por la Fe 
650 |a * Milagro 
650 |a * Sánchez, Othón 
650 |a * Toro, Rita del 
650 |a * Zepeda, Dolores 
650 |a * Sánchez, Ignacio 
650 |a Orozco, Pascual 
650 |a * Zepeda, Jacoba 
910 |a Fondo Jesús Gómez Fregoso S.J. FXC 
920 |a Impresos - Documentos 
930 |a Libros Antiguos y Raros 
940 |a Guerra Cristera 
905 |a 110 
901 |a R00941  |b IT2  |c LRA  |i R00941  |u 20250526 
902 |a https://opac.biblio.iteso.mx/vufind/Record/000250058